|
|
|
|
| LEADER |
00000nkm a2200000 a 4500 |
| 001 |
vtls010965409 |
| 003 |
SK-MaSNL |
| 005 |
20260301141129.0 |
| 007 |
kf bo |
| 008 |
231206q1932 xo g 00 kuslo |
| 015 |
|
|
|a SNBG
|
| 040 |
|
|
|a SNK
|b slo
|c SNK
|e AACR2
|
| 041 |
0 |
|
|a slo
|
| 043 |
|
|
|a e-xo---
|
| 044 |
|
|
|a xo
|c SK
|
| 080 |
|
|
|a 551.442
|2 2001
|
| 080 |
|
|
|a 913(437.6)
|2 2001
|
| 080 |
|
|
|a (084.121)
|2 2001
|
| 245 |
0 |
0 |
|a Demänovské jaskyne
|h grafika
|b Zlaté jazierko
|
| 260 |
|
|
|a V L. Sv. Mikuláši
|b Družstvo Demänovských jaskyň
|c [1932?]
|
| 300 |
|
|
|a 1 pohľadnica
|b čiernobiela
|c 8 x 13 cm
|
| 650 |
0 |
7 |
|a jaskyne
|2 SNKPH
|9 20772
|
| 651 |
|
7 |
|a Demänovské jaskyne (Slovensko)
|2 SNKPH
|9 160786
|
| 655 |
|
7 |
|a miestne pohľadnice
|2 SNKPH
|9 70510
|
| 752 |
|
|
|a Slovensko
|d Liptovský Mikuláš
|
| 958 |
|
|
|a GC
|
| 958 |
|
|
|a GBN
|
| 999 |
|
|
|c 766113
|d 768043
|
| 952 |
|
|
|a SNK
|b SNK
|y PREZ
|7 0
|p 17A1165025
|o snkSP 6117
|0 0
|1 0
|4 0
|d 2015-10-13
|l 0
|r 2026-02-24 00:19:18
|w 2026-02-24
|